000
00238 a2200097 4500
001
12733
100
_a
Carter,R.G
245
_a
Electromagnetism for Electronic Engineers
260
_a
London
_b
chapman and Hall
_c
1992
090
_c
9732
_d
9732
942
_a
NUST-CAE
_c
M
_c
36636
999
_c
247806
_d
247806